[Event "Pula op"]
[Site "Pula"]
[Date "1990.??.??"]
[Round "5"]
[White "Shaboian, V."]
[Black "Justin, Matijaz"]
[Result "1-0"]
[WhiteElo "2250"]
[BlackElo "2330"]

1.d4 Nf6 2.Nf3 e6 3.c4 Bb4+ 4.Bd2 Qe7 5.Nc3 Bxc3 6.Bxc3 Ne4 7.Rc1 O-O 8.g3 Re8
9.Bg2 Nxc3 10.Rxc3 d6 11.O-O a5 12.Re1 e5 13.d5 Bg4 14.Nd2 Nd7 15.h3 Bh5
16.g4 Bg6 17.e4 Nc5 18.b3 Reb8 19.Bf1 f6 20.a3 b6 21.b4 Nb7 22.Qb3 Be8 23.Rec1 axb4
24.axb4 Ba4 25.Qb2 Bd7 26.Ra1 Qd8 27.Rca3 g6 28.Bd3 Rxa3 29.Rxa3 Ra8 30.Ra2 Kh8
31.Nf1 Kg7 32.Ne3 Qb8 33.Qa1 Rxa2 34.Qxa2 Nd8 35.Qa3 Nf7 36.Kg2 Qb7 37.c5 bxc5
38.bxc5 dxc5 39.Qxc5 Nd6 40.Nc4 Nxc4  1-0

[Event "Pula op"]
[Site "Pula"]
[Date "1990.??.??"]
[Round "5"]
[White "Bagaturov, Giorgi"]
[Black "Krumpacnik, Domen"]
[Result "0-1"]
[WhiteElo "2370"]
[BlackElo "2310"]

1.d4 Nf6 2.c4 e6 3.Nf3 Bb4+ 4.Bd2 Qe7 5.g3 O-O 6.Bg2 Bxd2+ 7.Qxd2 d6 8.Nc3 e5
9.O-O Bg4 10.d5 Bxf3 11.exf3 Qd7 12.Rac1 a5 13.Nb5 Rd8 14.Rfd1 b6 15.f4 exf4
16.Qxf4 Na6 17.h3 Re8 18.Nd4 h6 19.Nf5 Qd8 20.Re1 Nc5 21.Qd4 Kh7 22.g4 g6
23.Ng3 Nfd7 24.Rxe8 Qxe8 25.Qd2 Qh8 26.f4 Re8 27.Rf1 Qf6 28.Kh2 Qe7 29.Qc2 Nf6
30.g5 hxg5 31.fxg5 Nfd7 32.Qf2 Ne5 33.Qf4 Kg7 34.h4 Rh8 35.h5 Ncd3 36.Qh4 Nxb2
37.h6+ Kh7 38.Ne4 Rf8 39.Re1 Nbd3 40.Re3 Nc5 41.Nf6+ Kh8 42.Bh3 Rb8 43.Qe1 b5
44.Qxa5 bxc4 45.Qc3 Na4 46.Qd4 Nc5 47.Kg3 Ncd3 48.Bf1 Rb1 49.Bxd3 Rg1+ 50.Kh4 cxd3
51.a4 Rf1 52.a5 Rxf6 53.gxf6 Qxf6+ 54.Kh3 Qf1+ 55.Kg3 Qg1+ 56.Kh3 g5 57.a6 g4+
58.Kh4 Qf2+ 59.Kh5 f6  0-1

[Event "Pula op"]
[Site "Pula"]
[Date "1990.??.??"]
[Round "6"]
[White "Kiselev, Sergey"]
[Black "Kachiani Gersinska, Ketino"]
[Result "1-0"]
[WhiteElo "2450"]
[BlackElo "2365"]

1.d4 Nf6 2.Nf3 e6 3.c4 Bb4+ 4.Bd2 a5 5.g3 d5 6.Qc2 Nc6 7.Bg2 dxc4 8.Qxc4 Qd5
9.Qxd5 exd5 10.O-O Bf5 11.Bf4 Be4 12.a3 Be7 13.Rd1 Bd8 14.Nc3 O-O 15.Rac1 a4
16.Nxe4 Nxe4 17.Ne5 Nxe5 18.dxe5 Ra5 19.f3 Ng5 20.Bxg5 Bxg5 21.f4 Bd8 22.Bxd5 c6
23.Bc4 b5 24.Ba2 c5 25.Rd7 c4 26.Rcd1 Bb6+ 27.Kg2 Rb8 28.Bb1 Ra7 29.Kf3 g6
30.Be4 Kf8 31.g4 Rxd7 32.Rxd7 Bc5 33.Bd5 Ke8 34.Bc6 Kf8 35.f5 gxf5 36.gxf5 Rb6
37.f6 Ke8 38.Rd6+ Rxc6 39.Rxc6 Bd4 40.Ke4 Bxb2 41.Rb6  1-0

[Event "Pula op"]
[Site "Pula"]
[Date "1990.??.??"]
[Round "7"]
[White "Lakic, Nikola"]
[Black "Ulibin, Mikhail"]
[Result "0-1"]
[WhiteElo "2285"]
[BlackElo "2500"]

1.d4 Nf6 2.c4 e6 3.Nf3 Bb4+ 4.Bd2 Qe7 5.g3 Nc6 6.Bg2 Bxd2+ 7.Nbxd2 d6 8.e4 a5
9.O-O e5 10.d5 Nb8 11.b3 O-O 12.a3 Na6 13.b4 Bd7 14.Rb1 c6 15.Re1 Rfc8 16.Qb3 cxd5
17.exd5 Qd8 18.c5 axb4 19.axb4 dxc5 20.Nxe5 Nxb4 21.Nxd7 Qxd7 22.Nc4 Ra2
23.d6 Qf5 24.Rb2 Rxb2 25.Nxb2 b5 26.h3 Nc2 27.Re7 c4 28.Qa2 Nb4 29.Qa5 c3
30.Qxb4 c2 31.Rc7 Rxc7  0-1

[Event "ARG-ch"]
[Site "San Luis"]
[Date "1990.??.??"]
[Round "1"]
[White "Boissonet, Carlos P"]
[Black "Casafus, Ruben"]
[Result "1-0"]
[WhiteElo "2405"]
[BlackElo "2375"]

1.d4 Nf6 2.c4 e6 3.Nf3 Bb4+ 4.Bd2 a5 5.Nc3 O-O 6.Qc2 d5 7.e3 b6 8.Bd3 Bb7
9.O-O Nbd7 10.Rad1 Rc8 11.a3 Bxc3 12.Bxc3 Ne4 13.Nd2 Nxc3 14.bxc3 Nf6 15.cxd5 exd5
16.Bf5 Rb8 17.Rfe1 g6 18.Bd3 c5 19.Rb1 c4 20.Bf1 Bc6 21.f3 Qe7 22.e4 Qxa3
23.Ra1 Qd6 24.e5 Qd8 25.exf6 Qxf6 26.Qb2 Qd8 27.Qa3 Qg5 28.Rad1 Rfc8 29.g3 Qd8
30.Ra1 Ra8 31.f4 b5 32.Nf3 Rcb8 33.Ne5 Be8 34.Ng4 b4 35.Qc1 Qb6 36.Qe3 Bd7
37.Nh6+ Kg7 38.Nxf7 Re8 39.Ne5 Bf5 40.g4 Bxg4 41.cxb4 Qxb4 42.Rab1 Qd6 43.Rb7+ Kg8
44.f5 Bxf5 45.Qh6 Re7 46.Nxc4 dxc4 47.Rbxe7  1-0

[Event "ARG-ch"]
[Site "San Luis"]
[Date "1990.??.??"]
[Round "3"]
[White "Casafus, Ruben"]
[Black "Tempone, Marcelo"]
[Result "1-0"]
[WhiteElo "2375"]
[BlackElo "2390"]

1.d4 Nf6 2.Nf3 e6 3.c4 Bb4+ 4.Bd2 Qe7 5.g3 Nc6 6.Bg2 Bxd2+ 7.Nbxd2 d6 8.e4 e5
9.d5 Nb8 10.b4 Bg4 11.O-O O-O 12.Qc2 Bxf3 13.Bxf3 c5 14.bxc5 dxc5 15.Qb2 Ne8
16.Bg2 Nd6 17.f4 Re8 18.Rae1 Nd7 19.Kh1 Rab8 20.Bh3 Nf8 21.Qc2 f6 22.a4 Kh8
23.Nf3 Ng6 24.Bf5 Nf8 25.fxe5 fxe5 26.Bh3 a6 27.Qc1 Nd7 28.Be6 Rf8 29.Bxd7 Qxd7
30.Nxe5 Qe7 31.Nf3 Nxe4 32.Kg2 Rbe8 33.Qc2 Rf6 34.Re3 g5 35.Nxg5 Qf8 36.Rxe4 Rxe4
37.Qxe4  1-0

[Event "ARG-ch"]
[Site "San Luis"]
[Date "1990.??.??"]
[Round "8"]
[White "Aparicio, Anibal"]
[Black "Casafus, Ruben"]
[Result "0-1"]
[WhiteElo "2295"]
[BlackElo "2375"]

1.d4 Nf6 2.c4 e6 3.Nf3 Bb4+ 4.Bd2 Qe7 5.g3 Nc6 6.Bg2 Bxd2+ 7.Qxd2 Ne4 8.Qc2 Qb4+
9.Kf1 d5 10.a3 Qxc4 11.Qxc4 dxc4 12.Ne5 Nxe5 13.Bxe4 Nd7 14.Nd2 e5 15.Rc1 exd4
16.Rxc4 c6 17.Rxd4 Nf6 18.Kg2 Be6 19.Bf3 Rd8 20.Rxd8+ Kxd8 21.Rc1 Kc7 22.Ne4 Nxe4
23.Bxe4 Rd8 24.Bd3 b6 25.h4 h6 26.f3 c5 27.b4 Kc6 28.Kf2 Rd4 29.Rc3 Kd6 30.bxc5+ bxc5
31.f4 c4 32.Ke3 Kd5 33.Bc2 Bg4 34.Bb1 h5 35.Bc2 a5 36.Bb1 g6 37.Rc1 Kc5 38.Bc2 Rd7
39.Bd3 Be6 40.Bc2 Rb7 41.Bd1 Rb2 42.Rc3 Bg4 43.Bc2 Bf5 44.Bd3 Be6 45.Bc2 Ra2
46.Bb1 Ra1 47.Bc2 Rg1 48.Kd2 Kd4 49.Re3 f5 50.Ba4 Bd5 51.Rc3 Rg2 52.Bd1 Be4
53.Re3 Rg1 54.Ba4 Ra1 55.Rc3 Ra2+ 56.Bc2 Bxc2 57.e3+ Ke4 58.Rxc4+ Kf3 59.Rxc2 Rxc2+
60.Kxc2 Kxg3  0-1

[Event "Wch U20"]
[Site "Santiago"]
[Date "1990.??.??"]
[Round "12"]
[White "Giaccio, Alfredo"]
[Black "Martens, Martin"]
[Result "0-1"]
[WhiteElo "2225"]
[BlackElo "2320"]

1.Nf3 Nf6 2.c4 e6 3.d4 Bb4+ 4.Bd2 Qe7 5.g3 Nc6 6.Bg2 Bxd2+ 7.Nbxd2 d6 8.O-O O-O
9.e4 e5 10.d5 Nb8 11.Ne1 a5 12.Nd3 Na6 13.Qc2 Bd7 14.a4 b6 15.Rae1 Rae8 16.b3 Bc8
17.f4 Nd7 18.f5 f6 19.Nf3 Ndc5 20.Nxc5 Nxc5 21.h4 g6 22.g4 gxf5 23.exf5 Kh8
24.Bh3 Qg7 25.Kh2 Bb7 26.Qd1 Rd8 27.g5 c6 28.gxf6 Qh6 29.Ng5 cxd5 30.cxd5 Rxf6
31.Ne6 Rc8 32.h5 Nd7 33.Rg1 Rf7 34.Ng5 Rg7 35.Qd2 Qxh5 36.Ne4 Rcg8 37.Rxg7 Rxg7
38.Nxd6 Ba6 39.Qc3 Qh6 40.Ne4 Qf4+ 41.Kh1 Bb7 42.Qd2 Qxd2 43.Nxd2 Bxd5+ 44.Kh2 Re7
45.Bg2 Bf7 46.Bf1 Kg7 47.Bb5 Nc5 48.Bc4 Bh5 49.Bd5 Rd7 50.Rxe5 Bf7 51.Nc4 Rxd5
52.Re2 Rxf5 53.Nxb6 Bxb3 54.Re7+ Kh6 55.Ra7 Nxa4 56.Nd7 Nc3  0-1

[Event "Wch U16"]
[Site "Singapore"]
[Date "1990.??.??"]
[Round "?"]
[White "Miladinovic, Igor"]
[Black "Zoler, Dan"]
[Result "0-1"]
[WhiteElo "2360"]
[BlackElo "2275"]

1.d4 Nf6 2.c4 e6 3.Nf3 Bb4+ 4.Bd2 c5 5.Bxb4 cxb4 6.Nbd2 d6 7.e3 O-O 8.Bd3 Nc6
9.O-O a5 10.Rc1 b6 11.Ne4 Bb7 12.Re1 g6 13.Nxf6+ Qxf6 14.Be4 Rac8 15.a3 bxa3
16.bxa3 Ba6 17.Qb3 Qd8 18.d5 exd5 19.Bxd5 Ne7 20.Nd4 Rc5 21.Rb1 Nxd5 22.cxd5 Bc4
23.Qxb6 Bxd5 24.Qb2 Qf6 25.Qd2 Rfc8 26.Rbc1 Ba8 27.Ne2 Qe5 28.Rxc5 Rxc5 29.Rc1 Bb7
30.f3 Rb5 31.Nd4 Rb6 32.Qc3 h5 33.Ne2 Rb2 34.Nd4 Rb6 35.Re1 Qg5 36.a4 h4
37.Kf2 Rb4 38.Nc2 Rxa4 39.Rb1 h3 40.Rxb7 Qxg2+ 41.Ke1 Qg1+ 42.Kd2 Qxh2+ 43.Kd3 Qe5
44.Qxe5 dxe5 45.Rb1 Rh4 46.Rh1 f5 47.Ke2 g5 48.Rh2 Kf7 49.Kf2 Ke6 50.e4 fxe4
51.fxe4 Rf4+ 52.Kg3 Rxe4 53.Rxh3 Re2 54.Rh6+ Kd5 55.Na1 a4 56.Kg4 Ra2 57.Rh1 e4
58.Kxg5 e3 59.Kf4 Kd4 60.Rd1+ Rd2 61.Nc2+ Kd3 62.Ne1+ Ke2 63.Ra1 Rd4+ 64.Kg3 Rd1
65.Rxa4 Kxe1 66.Kf3 e2 67.Ra2 Rd3+ 68.Kg2 Re3  0-1

[Event "Hungaroil"]
[Site "Siofok"]
[Date "1990.??.??"]
[Round "7"]
[White "Horvath, Csaba"]
[Black "Petrosian, Arshak B"]
[Result "1/2-1/2"]
[WhiteElo "2480"]
[BlackElo "2500"]

1.d4 Nf6 2.c4 e6 3.Nf3 Bb4+ 4.Bd2 Qe7 5.g3 Nc6 6.Nc3 Bxc3 7.Bxc3 Ne4 8.Rc1 O-O
9.Bg2 d6 10.d5 Nd8 11.Qc2 Nxc3 12.Qxc3 e5 13.e4 c5 14.O-O f5 15.exf5 Bxf5
16.Qe3 Nf7 17.Nh4 Bd7 18.f4 Rae8 19.f5 Qg5 20.Rce1  1/2-1/2

[Event "Sochi"]
[Site "Sochi"]
[Date "1990.??.??"]
[Round "?"]
[White "Panchenko, Alexander N"]
[Black "Ikonnikov, Vyacheslav"]
[Result "1/2-1/2"]
[WhiteElo "2430"]
[BlackElo "2485"]

1.d4 Nf6 2.c4 e6 3.Nf3 Bb4+ 4.Bd2 Bxd2+ 5.Nbxd2 d5 6.e3 O-O 7.Be2 c6 8.O-O Nbd7
9.Qc2 Qe7 10.a3 e5 11.dxe5 Nxe5 12.cxd5 Nxd5 13.Nxe5 Qxe5 14.Nf3  1/2-1/2

[Event "Sochi"]
[Site "Sochi"]
[Date "1990.??.??"]
[Round "?"]
[White "Kholmov, Ratmir D"]
[Black "Shabanov, Yuri"]
[Result "1/2-1/2"]
[WhiteElo "2480"]
[BlackElo "2375"]

1.d4 Nf6 2.Nf3 e6 3.c4 Bb4+ 4.Bd2 a5 5.g3 b6 6.Bg2 Bb7 7.O-O Na6 8.Bg5 Be7
9.Nc3 O-O 10.Qc2 Nb4 11.Qd2 Ne4 12.Nxe4 Bxe4 13.Bxe7 Qxe7 14.Qf4 d5 15.cxd5 exd5
16.a3 Na6 17.Rac1 c5 18.dxc5 bxc5  1/2-1/2

[Event "BUL-FRA m"]
[Site "Sofia"]
[Date "1990.??.??"]
[Round "12"]
[White "Andruet, Gilles"]
[Black "Dimitrov, Vladimir"]
[Result "1/2-1/2"]
[WhiteElo "2355"]
[BlackElo "2455"]

1.d4 e6 2.c4 Nf6 3.Nf3 Bb4+ 4.Bd2 Qe7 5.g3 O-O 6.Bg2 Bxd2+ 7.Nbxd2 d6 8.e4 e5
9.d5 a5 10.O-O Na6 11.Ne1 Nc5 12.Qe2 c6 13.Nd3 Nfd7 14.Nxc5 Nxc5 15.Nb3 Nxb3
16.axb3 c5 17.f4 Bd7 18.f5 f6 19.Qd2 Qd8 20.h4 b5 21.Ra2 bxc4 22.bxc4 Qb6
23.Ra3 a4 24.Rf2 Rfb8 25.g4 Qa5 26.Qc1 Rb7 27.g5 Qd8 28.Rc3 Rab8 29.Kh2 Rb3
30.Bf3 Be8 31.Rfc2 R8b7 32.Kh3 Kf8 33.Bd1 Rxc3+ 34.Rxc3  1/2-1/2

[Event "St Ingbert op"]
[Site "St Ingbert"]
[Date "1990.??.??"]
[Round "4"]
[White "Legky, Nikolay A"]
[Black "Spiegel, Michael"]
[Result "1-0"]
[WhiteElo "2455"]
[BlackElo "2205"]

1.d4 Nf6 2.c4 e6 3.Nf3 Bb4+ 4.Bd2 Qe7 5.g3 Nc6 6.Nc3 Bxc3 7.Bxc3 Ne4 8.Rc1 O-O
9.Bg2 d6 10.O-O Nxc3 11.Rxc3 e5 12.d5 Nb8 13.Nd2 f5 14.f4 Nd7 15.Nf3 a5 16.Kh1 Nc5
17.fxe5 dxe5 18.Re3 Nd7 19.Qb3 Qd6 20.Qc3 Re8 21.Nd4 g6 22.Ne6 Nc5 23.Rxe5 Nxe6
24.dxe6 Bxe6 25.Bxb7 Rab8 26.Bf3 a4 27.e4 Bf7 28.Rxe8+ Rxe8 29.exf5 gxf5
30.Qc2 Qe5 31.Bg2 Rb8 32.b3 axb3 33.axb3 Be6 34.Qd3 c5 35.h4 Kh8 36.Kh2 Rf8
37.Rf3 f4 38.Kh1 Bf5 39.Qd5 Qxd5 40.cxd5 fxg3 41.Rxg3 Rb8 42.Kh2 Rb4 43.Rg5 Bd7
44.Kg3 Rxb3+ 45.Kf4 c4 46.Be4 Be8 47.d6 Rb5 48.Bd5 h6 49.Re5 Bd7 50.Bxc4 Rxe5
51.Kxe5 Kg7 52.Be6 Bc6 53.Bg4 Kg6 54.Ke6 Kg7 55.Ke7 Bb5 56.Bh5  1-0

[Event "JUG-Cup"]
[Site "Svetozarevo"]
[Date "1990.??.??"]
[Round "?"]
[White "Gligoric, Svetozar"]
[Black "Brkljaca, Ante"]
[Result "0-1"]
[WhiteElo "2485"]
[BlackElo "2410"]

1.d4 Nf6 2.c4 e6 3.Nf3 Bb4+ 4.Bd2 c5 5.Bxb4 cxb4 6.a3 bxa3 7.Nxa3 d6 8.g3 O-O
9.Bg2 Nc6 10.O-O Qe7 11.Nc2 d5 12.Qd3 b6 13.Ne5 Bb7 14.Nxc6 Bxc6 15.cxd5 exd5
16.Ne3 Qd7 17.Qf5 Rfd8 18.Rfc1 Bb5 19.Bf3 a5 20.Ra3 Qxf5 21.Nxf5 g6 22.Ne3 Rd6
23.Rc7 Bd7 24.Nc4 dxc4 25.Bxa8 Rxd4 26.f3 Rd2 27.Kf2 Rxb2 28.Rxc4 Be6 29.Rd4 h5
30.Bc6 g5 31.Re3 g4 32.Re5 gxf3 33.Kxf3 Kf8 34.Kf4 Ke7 35.h3 Rc2 36.Bb5 Rc7
37.Ke3 Rc1 38.g4 Rh1 39.gxh5 Rxh3+ 40.Kd2 Nxh5 41.Ba4 Nf6 42.Rb5 Nd7 43.Rb1 Ne5
44.Rc1 Ra3 45.Rc7+ Kf6 46.Ke1 Ra1+ 47.Kf2 Ng4+ 48.Kf3 Ra3+ 49.Kf4 Ne3 50.Bc6 Rc3
51.Rd6 a4 52.Ra7 Nf5 53.Rd3 Rxc6 54.Rxa4 b5 55.Ra7 Bc4 56.Rdd7 Nh4 57.e4 Ng6+
58.Ke3 Ne5 59.Rd2 b4 60.Ra8 Be6 61.Rf2+ Kg7 62.Rg2+ Ng6 63.Rb8 b3 64.Rf2 Rc7
65.Kd4 Rd7+ 66.Kc3 Ne5 67.Rg2+ Kf6  0-1

[Event "Toulouse op"]
[Site "Toulouse"]
[Date "1990.??.??"]
[Round "5"]
[White "Kolev, Atanas"]
[Black "Kosten, Anthony C"]
[Result "1-0"]
[WhiteElo "2425"]
[BlackElo "2485"]

1.d4 Nf6 2.Nf3 e6 3.c4 Bb4+ 4.Bd2 a5 5.g3 d6 6.Bg2 Nbd7 7.O-O e5 8.Qc2 c6
9.e4 O-O 10.Nc3 Re8 11.h3 Qc7 12.Rfe1 exd4 13.Nxd4 Ne5 14.b3 Bc5 15.Nce2 Bd7
16.Bg5 Nh5 17.Be3 h6 18.Red1 Re7 19.Nc3 Rae8 20.Na4 Ba7 21.Nf5 Bxf5 22.Bxa7 Bg6
23.Bb6 Qb8 24.Nc3 Nd7 25.Be3 Nhf6 26.f3 d5 27.cxd5 cxd5 28.Nxd5 Nxd5 29.Rxd5 Nf6
30.Rd4 Qxg3 31.Qf2 Qb8 32.Rad1 Nh7 33.Rd6 Nf8 34.Bf4 Ne6 35.Bg3 Qc8 36.R6d5 Ng5
37.Kh2 Qc3 38.R1d3 Qa1 39.Rd1 Qc3 40.R1d3 Qa1 41.h4 Ne6 42.Be5 Qc1 43.Rc3 Qb1
44.Qd2 Nf8 45.Bg3 Qa1 46.h5 Bh7 47.Bh4 g5 48.hxg6 Bxg6 49.Bxe7 Rxe7 50.Rd8 Rd7
51.Rxd7 Nxd7 52.f4 Nf6 53.e5 Ng4+ 54.Kg3 h5 55.Rc1 Bb1 56.Qd8+  1-0

[Event "Tuzla"]
[Site "Tuzla"]
[Date "1990.??.??"]
[Round "8"]
[White "Sprecic, Mustafa"]
[Black "Palos, Osman"]
[Result "1-0"]
[WhiteElo "2330"]
[BlackElo "2370"]

1.d4 Nf6 2.c4 e6 3.Nf3 Bb4+ 4.Bd2 Bxd2+ 5.Qxd2 O-O 6.Nc3 d6 7.g3 Qe7 8.Bg2 Nc6
9.O-O e5 10.Nd5 Qd8 11.Rfd1 exd4 12.Nxd4 Ne5 13.Rac1 Nxd5 14.cxd5 Bd7 15.f4 Ng6
16.Rc3 Ne7 17.Rdc1 Rc8 18.Ra3 c5 19.dxc6 Nxc6 20.Rd1 Qb6 21.Bf3 Be6 22.Kg2 Rfd8
23.Nxe6 fxe6 24.Bg4 Re8 25.Rb3 Qa6 26.Qd3 Qxa2 27.Rxb7 Nd8 28.Rd7 Qxb2 29.Qxd6 Nf7
30.Qa6 Qf6 31.Rxa7 Nh6 32.Bh5 Rcd8 33.Rxd8 Rxd8 34.Ra8 Rf8 35.Rxf8+ Kxf8
36.Qc8+ Ke7 37.Qc5+ Kd8 38.Qd6+ Kc8 39.Qc5+ Kd8 40.Qb6+ Ke7 41.Bf3 Nf5 42.e4 Nh6
43.e5 Qf5 44.Qb7+ Kf8 45.Be4 Qg4 46.Qc8+ Ke7 47.Qc7+ Kf8 48.Qd6+ Kf7 49.Qd7+ Kf8
50.Qd8+ Kf7 51.Qd3 Ng8 52.Bxh7 Ne7 53.Be4 Qh5 54.h4 g6 55.Bf3 Qh8 56.Qd7 Qb8
57.h5 g5 58.h6  1-0

[Event "Val Maubuee op2"]
[Site "Val Maubuee"]
[Date "1990.??.??"]
[Round "?"]
[White "Renaze, Luc"]
[Black "Grosar, Aljosa"]
[Result "1-0"]
[WhiteElo "2245"]
[BlackElo "2345"]

1.d4 Nf6 2.c4 e6 3.Nf3 Bb4+ 4.Bd2 c5 5.Bxb4 cxb4 6.g3 O-O 7.Bg2 d6 8.O-O a5
9.a3 bxa3 10.Rxa3 Nc6 11.Nc3 Re8 12.e4 e5 13.h3 Qb6 14.Rb3 Nb4 15.Re1 Qc6
16.Nd5 Nfxd5 17.exd5 Qxc4 18.dxe5 Bd7 19.Ng5 Rxe5 20.Rxe5 dxe5 21.Rc3 Qa2
22.Rc7 Rd8 23.Be4 g6 24.Nxh7 Kxh7 25.Qh5+ Kg8 26.Qg5 Rc8 27.Rxd7 Qa1+ 28.Kg2 Nc2
29.Bxc2 Qxb2 30.Bxg6 Qc1 31.Bxf7+ Kh8 32.Qf6+ Kh7 33.Be6+  1-0

[Event "Val Thorens op"]
[Site "Val Thorens"]
[Date "1990.??.??"]
[Round "8"]
[White "Legky, Nikolay A"]
[Black "Cebalo, Miso"]
[Result "1/2-1/2"]
[WhiteElo "2455"]
[BlackElo "2525"]

1.d4 Nf6 2.c4 e6 3.Nf3 Bb4+ 4.Bd2 c5 5.Bxb4 cxb4 6.a3 bxa3 7.Rxa3 d6 8.e3 b6
9.Be2 Bb7 10.b4 O-O 11.O-O  1/2-1/2

[Event "Valencia op"]
[Site "Valencia"]
[Date "1990.??.??"]
[Round "?"]
[White "Coret Frasquet, Jose"]
[Black "Munoz, Fa"]
[Result "0-1"]
[WhiteElo "2300"]
[BlackElo "2235"]

1.d4 Nf6 2.c4 e6 3.Nf3 Bb4+ 4.Bd2 c5 5.g3 O-O 6.Bg2 Nc6 7.O-O Bxd2 8.Qxd2 d6
9.d5 Na5 10.b3 e5 11.Nc3 a6 12.Nh4 Rb8 13.e4 b5 14.cxb5 axb5 15.f4 b4 16.Nd1 exf4
17.Qxf4 c4 18.bxc4 Nxc4 19.Kh1 Qb6 20.Rc1 Ne5 21.Qd2 Nfd7 22.Nf5 Nc5 23.Nde3 Bxf5
24.Nxf5 Rb7 25.Qd4 Ncd7 26.Qb2 Nc5 27.Qd4 Ncd3 28.Rc2 Qxd4 29.Nxd4 Ra8 30.Rd1 g6
31.Nb3 Nc5 32.Nxc5 dxc5 33.d6 c4 34.Bh3 b3 35.axb3 cxb3 36.Rc7 Rb4 37.Rcc1 b2
38.Rb1 Kf8 39.d7 Ke7 40.Kg1 Kd8 41.Bf1 Ra7 42.Kf2 Rxd7 43.Rxd7+ Kxd7  0-1

[Event "Warsaw Legion op"]
[Site "Warsaw"]
[Date "1990.??.??"]
[Round "?"]
[White "Douven, Rudy C"]
[Black "Adamski, Jan"]
[Result "1-0"]
[WhiteElo "2440"]
[BlackElo "2410"]

1.d4 Nf6 2.c4 e6 3.Nf3 Bb4+ 4.Bd2 Qe7 5.g3 Nc6 6.Nc3 Bxc3 7.Bxc3 Ne4 8.Rc1 O-O
9.Bg2 d6 10.O-O e5 11.d5 Nd8 12.c5 Nxc3 13.Rxc3 dxc5 14.Qc2 b6 15.Re3 Qd6
16.Nxe5 Ba6 17.Be4 g6 18.Bg2 Kg7 19.Qc3 f6 20.Nf3 Nf7 21.Re6 Qd8 22.b4 Bb7
23.bxc5 Bxd5 24.Nd4 Bxg2 25.Rxf6 Bd5 26.Rd6 Kg8 27.Rxd8 Raxd8 28.f3 Rfe8
29.e4 Bxa2 30.Ra1 Ne5 31.Kg2 Bf7 32.Rxa7 bxc5 33.Qxc5 Rd7 34.Rxc7 Nd3 35.Qa7 Rxc7
36.Qxc7 Ne1+ 37.Kf1 Nd3 38.Nc6 Nc5 39.Ne5 Rxe5 40.Qxe5 Bc4+ 41.Kg2  1-0

[Event "Aix les Bains"]
[Site "Aix les Bains"]
[Date "1991.??.??"]
[Round "3"]
[White "Dorfman, Josif D"]
[Black "Kosten, Anthony C"]
[Result "1/2-1/2"]
[WhiteElo "2575"]
[BlackElo "2515"]

1.d4 Nf6 2.c4 e6 3.Nf3 Bb4+ 4.Bd2 c5 5.Bxb4 cxb4 6.g3 O-O 7.Bg2 d6 8.O-O Nc6
9.a3 bxa3 10.Rxa3 e5 11.Nc3 Bg4 12.dxe5 dxe5 13.Qb1 Qe7 14.Ng5 g6 15.Nge4 Nxe4
16.Qxe4 Be6 17.Nd5  1/2-1/2

[Event "Altensteig"]
[Site "Altensteig"]
[Date "1991.??.??"]
[Round "2"]
[White "Boensch, Uwe"]
[Black "Fauland, Alexander"]
[Result "1/2-1/2"]
[WhiteElo "2560"]
[BlackElo "2475"]

1.d4 Nf6 2.c4 e6 3.Nf3 Bb4+ 4.Bd2 c5 5.a3 Bxd2+ 6.Nbxd2 cxd4 7.Nb3 O-O 8.Nbxd4 e5
9.Nc2 Re8 10.e3 Nc6 11.Nb4 Nxb4 12.axb4 d5 13.cxd5 Qd6 14.Qb3 Bg4 15.Be2 Nxd5
16.b5 e4 17.Nd4 Bxe2 18.Nxe2 Re5 19.O-O Qb6 20.Rfd1 Nf6 21.Nc3 h6 22.h3 a6
23.Qa3 Re6 24.Rd4 Rc8 25.bxa6 bxa6 26.Rad1 Rb8 27.R1d2 Qc7 28.Ra4 Qb7 29.Rc4 Rc8
30.Rxc8+ Qxc8 31.Qa5 Qb7 32.Rd8+ Kh7 33.Qf5+ g6 34.Qc5 g5 35.b4 Kg6 36.g4 Rc6
37.Qf5+ Kg7 38.Nd5 Nxd5 39.Rxd5 Qxb4 40.Qe5+ Rf6 41.Qa1 Kg6 42.Rd8 Qe7 43.Qd4 Kg7
44.Rd5 Kg6 45.Rd8 Kg7 46.Rd5 Kg6  1/2-1/2

[Event "JUG-Cup qual"]
[Site "Arandjelovac"]
[Date "1991.??.??"]
[Round "5"]
[White "Barlov, Dragan"]
[Black "Radibratovic, Predrag"]
[Result "1-0"]
[WhiteElo "2505"]
[BlackElo "2350"]

1.d4 Nf6 2.Nf3 e6 3.c4 Bb4+ 4.Bd2 Bxd2+ 5.Qxd2 b6 6.Nc3 Bb7 7.Qf4 d5 8.cxd5 Nxd5
9.Nxd5 Qxd5 10.Qxc7 O-O 11.e3 Na6 12.Qc3 Rfc8 13.Qa3 b5 14.Bd3 Qh5 15.e4 f5
16.Nd2 Qg5 17.g3 fxe4 18.Nxe4 Rc1+ 19.Ke2 Qh5+ 20.Ke3 Qh6+ 21.f4 Rxa1 22.Rxa1 Qxh2
23.Qe7 Bxe4 24.Qxe6+ Kh8 25.Qxe4 Qxg3+ 26.Kd2 Qh2+ 27.Kc3 Rc8+ 28.Kb3 Qh5
29.Qf5 Qxf5 30.Bxf5 Rc4 31.Rd1 g6 32.Be6 Rc6 33.Bd7 Rb6 34.Kc3 Kg7 35.d5 Kf6
36.Kd4 Ke7 37.Bc6 Nb4 38.Kc5 Na6+ 39.Kd4 Nb4 40.Re1+ Kf7 41.Rc1 Ke7 42.Re1+ Kf7
43.Be8+ Kf8 44.Re5 Rb8 45.Bd7 Rd8 46.Bxb5 a6 47.Ba4 Nxa2 48.Kc5 a5 49.d6 Nb4
50.d7  1-0

[Event "AUT-chT"]
[Site "?"]
[Date "1991.??.??"]
[Round "?"]
[White "Herndl, Harald"]
[Black "Petschar, Kurt"]
[Result "1-0"]
[WhiteElo "2295"]
[BlackElo "2285"]

1.d4 Nf6 2.Nf3 e6 3.c4 Bb4+ 4.Bd2 Qe7 5.g3 Bxd2+ 6.Qxd2 Ne4 7.Qc2 Qb4+ 8.Nbd2 Nxd2
9.Nxd2 Nc6 10.e3 Qe7 11.Bg2 O-O 12.O-O d6 13.f4 e5 14.d5 Nb8 15.f5 Nd7 16.b4 a5
17.a3 Qg5 18.Rae1 Nf6 19.e4 axb4 20.axb4 Bd7 21.c5 Ra6 22.Nb3 Ba4 23.Rf3 Rfa8
24.cxd6 cxd6 25.Bf1 Bxb3 26.Rxb3 Ra2 27.Rb2 Rxb2 28.Qxb2 h5 29.Qc3 Ra2 30.Bg2 Qd2
31.Qxd2 Rxd2 32.Bf3 Rd4 33.Rc1 Rxb4 34.Rc8+ Kh7 35.Rd8 Nxe4 36.Bxh5 g6 37.fxg6+ fxg6
38.Rd7+ Kh6 39.Bf3 Rb1+ 40.Kg2 Rb2+ 41.Kg1 Nd2 42.Be2 b5 43.Kf2 Ne4+ 44.Ke3 Nc3
45.Bf3 e4 46.Bxe4 Nxe4 47.Kxe4 Rxh2 48.Rxd6 Rg2 49.Rb6 Rxg3 50.d6 Rg1 51.Rxb5 Re1+
52.Kd5 g5 53.d7  1-0

[Event "URS Spartakiada (Women)"]
[Site "Azov"]
[Date "1991.??.??"]
[Round "2"]
[White "Sabirova, Sophia"]
[Black "Reprun, Nadejda"]
[Result "1/2-1/2"]
[WhiteElo "2075"]
[BlackElo "2115"]

1.d4 Nf6 2.c4 e6 3.Nf3 Bb4+ 4.Bd2 Qe7 5.Nc3 O-O 6.Qc2 d6 7.e4 e5 8.d5 Nbd7
9.a3 Bxc3 10.Bxc3 Nc5 11.Nd2 Bd7  1/2-1/2

[Event "GER-ch"]
[Site "Bad Neuenahr"]
[Date "1991.??.??"]
[Round "6"]
[White "Boensch, Uwe"]
[Black "Lau, Ralf"]
[Result "1/2-1/2"]
[WhiteElo "2470"]
[BlackElo "2485"]

1.d4 Nf6 2.c4 e6 3.Nf3 Bb4+ 4.Bd2 a5 5.g3 d6 6.Bg2 Nbd7 7.Qc2 e5 8.Nc3 O-O
9.O-O Re8 10.Rad1 c6 11.dxe5 dxe5 12.Ng5 h6 13.Nge4 Qc7 14.h3 Be7 15.Nxf6+ Nxf6
16.Be3 Be6 17.Na4 Nd7 18.g4 Rac8 19.Bd2 Ra8 20.b3 Qb8 21.Be3 Bd8 22.Rd2 Nf6
23.Nc3 Be7 24.Rfd1 Qc7 25.Qc1  1/2-1/2

[Event "GER-ch"]
[Site "Bad Neuenahr"]
[Date "1991.??.??"]
[Round "13"]
[White "Schuh, Hubert"]
[Black "Schmittdiel, Eckhard"]
[Result "1/2-1/2"]
[WhiteElo "2375"]
[BlackElo "2485"]

1.d4 Nf6 2.Nf3 e6 3.c4 Bb4+ 4.Bd2 c5 5.Bxb4 cxb4 6.a3 bxa3 7.Rxa3 O-O 8.e3 d6
9.Be2 Qe7 10.O-O b6 11.Nc3 Bb7 12.Qc2 Nc6 13.Rfa1 Rab8 14.Qd2 a5 15.Ne1 e5
16.Bf3 Rfe8 17.h3 exd4 18.exd4 Nb4 19.Bxb7 Qxb7 20.Nd3 Qc6 21.b3 Re7 22.Ra4 Nxd3
23.Qxd3 Rbe8 24.R4a2 h6 25.Rf1 d5 26.Rb2 Rc7 27.Nb5 Rce7 28.Nc3 Rd8 29.Ra1 Qd6
30.Re2 Rxe2 31.Nxe2 Qb4 32.Nf4 dxc4 33.bxc4 b5 34.Rc1 bxc4 35.Rxc4 Qe1+ 36.Qf1 Qe4
37.d5 Qe5 38.Ra4 g5 39.Ne2 Rxd5 40.Ng3 h5 41.f4 Qe3+ 42.Qf2 Rd1+ 43.Nf1 Nd5
44.Rxa5 gxf4 45.Ra2 Nc3 46.Rd2 h4 47.Kh2 Qg3+ 48.Kg1 Re1 49.Rd8+ Kh7 50.Qc2+ Ne4
51.Rd3 Qg6 52.Rd1 Rxd1 53.Qxd1 Ng3 54.Nd2 Qb6+ 55.Kh2 Qf2 56.Nf3 Nf1+ 57.Kh1 Ne3
58.Qd3+ Kg7 59.Qd4+ f6 60.Qd2 Qf1+ 61.Kh2 Qb1 62.Qe1 Qxe1 63.Nxe1 Kh6 64.Kg1 Nc4
65.Kf2 Ne5 66.Nf3 Kh5 67.Ke2 Nc4  1/2-1/2

[Event "GER-ch"]
[Site "Bad Neuenahr"]
[Date "1991.??.??"]
[Round "13"]
[White "Boensch, Uwe"]
[Black "Lutz, Christopher"]
[Result "1-0"]
[WhiteElo "2470"]
[BlackElo "2500"]

1.d4 Nf6 2.c4 e6 3.Nf3 Bb4+ 4.Bd2 Qe7 5.e3 O-O 6.Bxb4 Qxb4+ 7.Qd2 Qe7 8.Nc3 d6
9.h3 e5 10.g4 exd4 11.Nxd4 Na6 12.O-O-O Nc5 13.f3 a6 14.Rg1 Kh8 15.g5 Ng8
16.Nd5 Qd8 17.e4 Bd7 18.Nf5 Bxf5 19.exf5 c6 20.Nf4 Re8 21.Nh5 f6 22.Nxg7 Re5
23.f4 Re7 24.Ne6 Nxe6 25.fxe6 Rxe6 26.g6 hxg6 27.Rxg6 Qb6 28.f5 Re7 29.Qxd6 Qe3+
30.Kb1 Rae8 31.Bd3 Qf3 32.Rgg1 Rg7 33.a3 Re3 34.Ka2 Ree7 35.Rdf1 Qh5 36.Rg4 Rd7
37.Qg3 Nh6 38.Rg6 Kh7 39.Rg1 Rgf7 40.c5 a5 41.Bc2 a4 42.Bd1  1-0

[Event "JUG-ch"]
[Site "Banja Vrucica"]
[Date "1991.??.??"]
[Round "?"]
[White "Antic, Dejan"]
[Black "Nikolic, Boban"]
[Result "1/2-1/2"]
[WhiteElo "2390"]
[BlackElo "2285"]

1.d4 Nf6 2.c4 e6 3.Nf3 Bb4+ 4.Bd2 Qe7 5.g3 Nc6 6.Bg2 Bxd2+ 7.Nbxd2 d6 8.O-O O-O
9.e4 e5 10.d5 Nb8 11.Ne1 a5 12.b3 Na6 13.a3 Bg4 14.f3 Bd7 15.Nd3 c6 16.dxc6 bxc6
17.b4 axb4 18.axb4 d5 19.Qb3 dxe4 20.fxe4 Bg4 21.b5 Rfb8 22.Qa3 Qxa3 23.Rxa3 cxb5
24.cxb5 Nc7 25.Rxa8 Nxa8 26.Nxe5 Rxb5 27.Nc6 Nb6 28.Ra1 Nfd7 29.Ne7+ Kf8
30.Nd5 Be6 31.Ra7 Rb2 32.Nf1 g6 33.h3 Ne5 34.Nfe3 Nec4 35.g4 Rb1+ 36.Kh2 Rb2
37.Kg3 g5 38.Nf6 Kg7  1/2-1/2